Football Teams Romelu Lukaku Played For - Statistics

General Stats
  • This quiz has been taken 191 times
    122 since last reset
  • The average score is 9 of 10
Answer Stats
League Years Team % Correct
Italy 2019-2021 Inter
99%
Italy 2022-2023 Inter
99%
England 2017-2019 Manchester United
98%
England 2011-2012 Chelsea FC
97%
England 2021-2022 Chelsea FC
97%
Italy 2024- SSC Napoli
95%
Italy 2023-2024 AS Roma
93%
England 2013-2017 Everton FC
88%
Belgium 2009-2011 RSC Anderlecht
74%
England 2012-2013 West Bromwich Albion
60%
No matching quizzes found
Score Distribution
Percent of People with Each Score
Percentile by Number Answered
Your Score History
You have not taken this quiz since the last reset